[Event "Xtracon Chess Open 2016"]
[Site "Helsingor DEN"]
[Date "2016.07.23"]
[Round "1.187"]
[White "Schjolin, John"]
[Black "Huse, Sigurd Kjelsbol"]
[Result "0-1"]
[WhiteElo "1201"]
[BlackElo "1963"]
[WhiteFideId "1439413"]
[BlackFideId "1520717"]
[EventDate "2016.07.23"]

1. e4 e5 2. Bc4 Nf6 3. d3 c6 4. c3 d5 5. exd5 cxd5 6. Bb3 Nc6 7. d4 exd4 8. cxd4
Bb4+ 9. Nc3 O-O 10. f3 Nh5 11. Ne2 Qh4+ 12. g3 Qh3 13. Kf2 Bxc3 14. bxc3 Nf6 15.
Bc2 Qd7 16. Bf4 Re8 17. h3 b6 18. Qd3 Nb8 19. a4 Ba6 20. c4 Bxc4 21. Qc3 Rxe2+
22. Kg1 Nc6 23. Bd3 Bxd3 24. Qxd3 Rae8 25. Be5 Rb2 26. g4 Nxe5 27. dxe5 Rxe5 28.
Rh2 Rxh2 29. Kxh2 Qc7 0-1

[Event "Xtracon Chess Open 2016"]
[Site "Helsingor DEN"]
[Date "2016.07.23"]
[Round "1.188"]
[White "Andersen, Per O"]
[Black "Huse, Arne Kjelsbol"]
[Result "1-0"]
[WhiteElo "1962"]
[BlackElo "1163"]
[WhiteFideId "1503138"]
[BlackFideId "1520709"]
[EventDate "2016.07.23"]

1. d4 d5 2. c4 c6 3. Nf3 Nf6 4. g3 Bg4 5. Bg2 e6 6. O-O Be7 7. Qb3 Qd7 8. Ne5
dxc4 9. Qxc4 Qc7 10. Nxg4 Nxg4 11. Bf4 Qc8 12. Nc3 O-O 13. Rac1 Nd7 14. e4 Ngf6
15. Qe2 Nb6 16. d5 cxd5 17. Nxd5 Qd8 18. Nxe7+ Qxe7 19. Rc7 Qd8 20. Rd1 Qe8 21.
Bd6 Rb8 22. Bxf8 Qxf8 23. Qd2 Qe8 24. Qd6 Nc8 25. Qd8 Nb6 26. Qxe8+ Nxe8 27. Rc2
Nf6 28. f3 h6 29. Bf1 Nfd7 30. Rcd2 Ne5 31. Rd8+ Rxd8 32. Rxd8+ Kh7 33. Kf2 Nc6
34. Rd2 a6 35. Ke3 Kg6 36. a3 Kf6 37. Rc2 e5 38. f4 Ke6 39. b4 f6 40. Bc4+ Ke7
41. Bd5 Nxd5+ 42. exd5 Nd4 43. Rc7+ Kf8 44. Rxb7 Nb5 45. fxe5 fxe5 46. Rxb5 axb5
47. Ke4 Ke7 48. Kxe5 g6 49. d6+ Kd7 50. Kd5 h5 51. h4 Ke8 52. Kc6 Kd8 53. d7 Ke7
54. Kc7 1-0

[Event "Xtracon Chess Open 2016"]
[Site "Helsingor DEN"]
[Date "2016.07.23"]
[Round "1.189"]
[White "Huse, Lars Paul"]
[Black "Kizatbay, Abyl"]
[Result "0-1"]
[WhiteElo "1121"]
[BlackElo "1961"]
[WhiteFideId "1526537"]
[BlackFideId "1521853"]
[EventDate "2016.07.23"]

1. e4 c5 2. Nf3 Nc6 3. Bc4 e6 4. O-O Qc7 5. d3 a6 6. a3 b5 7. Ba2 Nf6 8. Nc3 Be7
9. Be3 Ng4 10. Bd2 Nd4 11. g3 Nxf3+ 12. Qxf3 Ne5 13. Qe2 Bb7 14. Nd1 O-O 15. f4
Nc6 16. c3 b4 17. Nf2 Kh8 18. axb4 cxb4 19. Rac1 a5 20. Qe3 Rfb8 21. Nh3 Ba6 22.
Ng5 b3 23. Bb1 f6 24. Nf3 a4 25. Rfd1 a3 26. bxa3 Bxa3 27. d4 Bxc1 28. Bxc1 b2
29. Bd2 Na5 30. Qf2 Nc4 31. f5 Na3 32. Bf4 d6 33. fxe6 Nxb1 34. Rxb1 Qxc3 35.
Bxd6 Qc1+ 36. Qe1 Qxe1+ 37. Nxe1 Rb3 38. d5 Bb5 39. e5 Ra1 40. Rxa1 bxa1=Q 0-1

[Event "Xtracon Chess Open 2016"]
[Site "Helsingor DEN"]
[Date "2016.07.23"]
[Round "1.190"]
[White "Justinussen, Sigurd B."]
[Black "Opseth, Erik"]
[Result "1-0"]
[WhiteElo "1959"]
[BlackElo "1064"]
[WhiteFideId "7200773"]
[BlackFideId "1524780"]
[EventDate "2016.07.23"]

1. e4 c5 2. Nf3 Nc6 3. c3 e6 4. d4 h6 5. d5 Na5 6. Be2 d6 7. b4 cxb4 8. cxb4 Bd7
9. bxa5 Qxa5+ 10. Bd2 Ba4 11. Bxa5 Bxd1 12. Bxd1 Nf6 13. Ba4+ Nd7 14. dxe6 fxe6
15. e5 Be7 16. O-O b6 17. exd6 Bf6 18. Bc3 O-O-O 19. Bxd7+ Kxd7 20. Ne5+ Kxd6
21. Nf7+ 1-0

[Event "Xtracon Chess Open 2016"]
[Site "Helsingor DEN"]
[Date "2016.07.23"]
[Round "1.191"]
[White "Hestholm, Gustav"]
[Black "Rolvag, Birk Anders"]
[Result "0-1"]
[WhiteElo "1055"]
[BlackElo "1959"]
[WhiteFideId "1529153"]
[BlackFideId "1507753"]
[EventDate "2016.07.23"]

1. e4 c5 2. c3 e6 3. Nf3 d5 4. exd5 exd5 5. d4 Nf6 6. Bb5+ Bd7 7. Bxd7+ Nbxd7 8.
Be3 c4 9. O-O Bd6 10. Re1 O-O 11. Nbd2 h6 12. h3 b5 13. b4 a5 14. bxa5 Qxa5 15.
Qc2 Rfb8 16. Reb1 Nb6 17. Rc1 Ba3 18. Re1 Na4 19. Nb1 Bb2 20. Ne5 Rb6 21. Nd2
Bxa1 22. Rxa1 Qxc3 23. Qxc3 Nxc3 24. a3 b4 25. Nb1 Nxb1 26. Rxb1 Rxa3 27. Bd2 c3
28. Be3 c2 29. Rc1 b3 30. Nd3 b2 31. Nxb2 Rxb2 32. Kf1 Rxe3 33. fxe3 Rb1 34.
Rxb1 cxb1=Q+ 0-1

[Event "Xtracon Chess Open 2016"]
[Site "Helsingor DEN"]
[Date "2016.07.23"]
[Round "1.192"]
[White "Rasmussen, Lars"]
[Black "Mansoor, Areeb"]
[Result "1-0"]
[WhiteElo "1956"]
[BlackElo "1020"]
[WhiteFideId "1406434"]
[BlackFideId "1535870"]
[EventDate "2016.07.23"]

1. e4 e5 2. Nf3 Nc6 3. Nc3 Nf6 4. d4 d6 5. Bc4 Bg4 6. Be3 exd4 7. Bxd4 Nxd4 8.
Qxd4 c5 9. Qd3 Be7 10. O-O O-O 11. h3 Bd7 12. Rad1 Qb6 13. Rfe1 Qxb2 14. e5 dxe5
15. Nxe5 Rad8 16. Nxf7 Rxf7 17. Rxe7 Rf8 18. Ne4 Be8 19. Nd6 Kh8 20. Nxf7+ Bxf7
21. Rxf7 Kg8 22. Rxf6+ Rf7 23. Qd8# 1-0

[Event "Xtracon Chess Open 2016"]
[Site "Helsingor DEN"]
[Date "2016.07.23"]
[Round "1.197"]
[White "Rolstad, Morten"]
[Black "Kovachev, Daniel Jakobsen"]
[Result "0-1"]
[BlackTitle "FM"]
[WhiteElo "1720"]
[BlackElo "2315"]
[WhiteFideId "1525026"]
[BlackFideId "1503448"]
[EventDate "2016.07.23"]

1. e4 Nc6 2. Nf3 e5 3. Bb5 a6 4. Ba4 Nf6 5. O-O Be7 6. Re1 b5 7. Bb3 d6 8. c3
O-O 9. d4 Bg4 10. Be3 exd4 11. cxd4 Na5 12. Bc2 c5 13. b3 Nc6 14. d5 Nb4 15.
Nbd2 Nd7 16. a3 Nxc2 17. Qxc2 Re8 18. h3 Bh5 19. Nh2 Bg6 20. Nhf1 Nf6 21. f4 h5
22. Qd3 Rc8 23. f5 Bh7 24. a4 Qd7 25. axb5 axb5 26. Ra5 Rb8 27. Rea1 Rb7 28. Ng3
h4 29. Ne2 Bd8 30. Ra6 Bb6 31. Nc3 Bd8 32. Rc6 b4 33. Nd1 Qe7 34. Nf2 Nd7 35.
Bf4 Ne5 36. Qc2 Nxc6 37. dxc6 Rb6 38. Rd1 Rxc6 39. Nc4 Bc7 40. Rd5 Ra8 41. Qd1
Qf6 42. Qg4 Qc3 43. Qxh4 Bd8 44. Qg3 Bf6 45. Nxd6 Bd4 46. Qxc3 bxc3 47. Kf1 Ra1+
48. Ke2 Ra2+ 0-1

[Event "Xtracon Chess Open 2016"]
[Site "Helsingor DEN"]
[Date "2016.07.24"]
[Round "2.1"]
[White "Granda Zuniga, Julio E"]
[Black "Grove, Peter"]
[Result "1-0"]
[WhiteTitle "GM"]
[WhiteElo "2699"]
[BlackElo "2155"]
[WhiteFideId "3800024"]
[BlackFideId "1411101"]
[EventDate "2016.07.23"]

1. g3 c5 2. Bg2 Nc6 3. e4 g6 4. Ne2 Bg7 5. O-O d6 6. Na3 e6 7. c3 Nge7 8. d4
cxd4 9. cxd4 d5 10. e5 Qb6 11. Nc2 Bd7 12. Bd2 Nf5 13. Bc3 a5 14. Qd2 h5 15.
Rfd1 Bf8 16. Bf1 Nb4 17. Ne3 Nxe3 18. fxe3 Nc6 19. Nf4 Ne7 20. b4 a4 21. b5 Nf5
22. Rab1 Be7 23. Bb4 O-O 24. Bd3 Bxb4 25. Rxb4 Ne7 26. a3 Rfc8 27. h3 Qc7 28.
Ne2 Qd8 29. g4 hxg4 30. hxg4 Kg7 31. Kg2 Ng8 32. e4 Qh4 33. Ng3 Qxg4 34. Rh1
dxe4 35. Bxe4 1-0

[Event "Xtracon Chess Open 2016"]
[Site "Helsingor DEN"]
[Date "2016.07.24"]
[Round "2.3"]
[White "Shirov, Alexei"]
[Black "Burrows, Martin P"]
[Result "1-0"]
[WhiteTitle "GM"]
[WhiteElo "2674"]
[BlackElo "2149"]
[WhiteFideId "2209390"]
[BlackFideId "409057"]
[EventDate "2016.07.23"]

1. d4 Nf6 2. c4 e6 3. Nf3 b6 4. g3 Ba6 5. Qc2 c5 6. d5 exd5 7. cxd5 Bb7 8. Bg2
Nxd5 9. O-O Be7 10. Rd1 Nc6 11. Qf5 Nf6 12. e4 g6 13. Qf4 Nh5 14. Qh6 Bf8 15.
Qe3 Qe7 16. Nc3 Nb4 17. Nb5 d5 18. exd5 O-O-O 19. Nxa7+ Kb8 20. Qa3 Nc2 21. Qa4
Nxa1 22. Re1 Qd7 23. Nb5 Bxd5 24. Ne5 Qb7 25. Nd7+ Qxd7 26. Bxd5 1-0

[Event "Xtracon Chess Open 2016"]
[Site "Helsingor DEN"]
[Date "2016.07.24"]
[Round "2.4"]
[White "Leutwyler, Martin"]
[Black "Dreev, Aleksey"]
[Result "0-1"]
[BlackTitle "GM"]
[WhiteElo "2145"]
[BlackElo "2664"]
[WhiteFideId "1301969"]
[BlackFideId "4100107"]
[EventDate "2016.07.23"]

1. d4 d5 2. c4 e6 3. Nf3 Nf6 4. g3 Bb4+ 5. Bd2 a5 6. Bg2 dxc4 7. O-O Nc6 8. Bg5
Be7 9. Qa4 O-O 10. Qxc4 h6 11. Bxf6 Bxf6 12. e3 e5 13. d5 Ne7 14. Nc3 Bf5 15.
Rfd1 Nc8 16. Nb5 Nd6 17. Qe2 Bg4 18. Nxd6 cxd6 19. h3 Bd7 20. Rac1 Qb6 21. h4
Rfc8 22. e4 Rc5 23. Qd2 Rac8 24. Ne1 Bd8 25. Nd3 Rc4 26. Rxc4 Rxc4 27. Rc1 Rd4
28. Qc3 Qb5 29. Ne1 Bb6 30. Kh2 Bc5 31. a3 a4 32. f3 g6 33. Rc2 Rd1 34. Rc1 Qe2
35. Rxd1 Qxd1 36. Qa5 b6 37. Qa7 Bb5 38. h5 gxh5 39. Qb8+ Kg7 40. Qd8 Qxe1 0-1

[Event "Xtracon Chess Open 2016"]
[Site "Helsingor DEN"]
[Date "2016.07.24"]
[Round "2.5"]
[White "Amin, Bassem"]
[Black "Royset, Pal"]
[Result "1-0"]
[WhiteTitle "GM"]
[WhiteElo "2654"]
[BlackElo "2144"]
[WhiteFideId "10601457"]
[BlackFideId "1501330"]
[EventDate "2016.07.23"]

1. Nf3 g6 2. e4 Bg7 3. d4 d6 4. Bc4 Nf6 5. Qe2 O-O 6. e5 dxe5 7. dxe5 Nd5 8. O-O
Bg4 9. Nbd2 e6 10. h3 Bxf3 11. Nxf3 c6 12. Bg5 Qc7 13. Bb3 Re8 14. c4 Ne7 15.
Rad1 Nd7 16. Rfe1 Rad8 17. Qe3 Nb6 18. Rxd8 Rxd8 19. Qf4 c5 20. h4 Rd7 21. h5
Nf5 22. h6 Bf8 23. Nd2 Rd4 24. Ne4 Qc6 25. g4 Nd7 26. Bc2 Qc7 27. Ba4 Nb6 28.
Be8 Be7 29. gxf5 exf5 30. Bxf7+ Kf8 31. Bxg6 hxg6 32. h7 Kg7 33. Bf6+ Kxh7 34.
Qh4+ Kg8 35. Qh8+ Kf7 36. Ng5# 1-0

[Event "Xtracon Chess Open 2016"]
[Site "Helsingor DEN"]
[Date "2016.07.24"]
[Round "2.6"]
[White "Vesterli, Michael E."]
[Black "Hammer, Jon Ludvig"]
[Result "0-1"]
[BlackTitle "GM"]
[WhiteElo "2141"]
[BlackElo "2652"]
[WhiteFideId "1417339"]
[BlackFideId "1503707"]
[EventDate "2016.07.23"]

1. d4 Nf6 2. c4 e6 3. Nc3 Bb4 4. Nf3 b6 5. Bg5 Bb7 6. e3 h6 7. Bh4 g5 8. Bg3 Ne4
9. Qc2 Bxc3+ 10. bxc3 d6 11. Bd3 f5 12. d5 Na6 13. Nd4 Nac5 14. O-O Qf6 15. Bxe4
fxe4 16. f4 g4 17. dxe6 Nxe6 18. Qa4+ Kd8 19. Bh4 Qxh4 20. Nxe6+ Kc8 21. f5 Qf6
22. Kh1 Kb8 23. Qd7 Rc8 24. Rad1 a5 25. a4 Ra7 26. Rxd6 Qe5 27. Rd4 c5 28. Rd6
Bc6 29. Qxc8+ Kxc8 30. Rxc6+ Kd7 31. Rxb6 Qxc3 32. f6 Qxc4 33. Rd1+ Ke8 34. Ng7+
Kf7 35. Nf5 Qe2 36. Nxh6+ Kg6 37. f7+ Kg7 38. Rdb1 Rd7 39. h4 gxh3 40. Rg1 Rd1
41. gxh3+ Rxg1+ 42. Kxg1 Qxe3+ 43. Kg2 Qf3+ 44. Kg1 e3 45. Ng4 Qg3+ 0-1

[Event "Xtracon Chess Open 2016"]
[Site "Helsingor DEN"]
[Date "2016.07.24"]
[Round "2.7"]
[White "Vovk, Andriy"]
[Black "Moe, Mogens"]
[Result "1-0"]
[WhiteTitle "GM"]
[BlackTitle "FM"]
[WhiteElo "2637"]
[BlackElo "2138"]
[WhiteFideId "14114470"]
[BlackFideId "1400550"]
[EventDate "2016.07.23"]

1. e4 c5 2. Nf3 e6 3. d4 cxd4 4. Nxd4 Nc6 5. Nc3 Qc7 6. Be3 a6 7. Qd2 Nf6 8. f3
Be7 9. O-O-O O-O 10. g4 b5 11. g5 Nh5 12. Kb1 Rd8 13. Qf2 Rb8 14. Nde2 Na5 15.
Ng3 Nf4 16. Qd2 Ng6 17. Nf5 exf5 18. Nd5 Qd6 19. Qxa5 Kh8 20. exf5 Ne5 21. f6
gxf6 22. gxf6 Bxf6 23. Be2 Nc6 24. Qe1 Bg7 25. Bf4 Ne5 26. Rg1 Re8 27. Qh4 Rb6
28. Qg3 Bf6 29. Nxb6 Qxb6 30. Bh6 Ng6 31. Bd3 Qd4 32. c3 Qc5 33. f4 d6 34. f5
Bxf5 35. Rgf1 Bxd3+ 36. Qxd3 Re6 37. Rf5 Qc7 38. Qf3 Qd8 39. Qb7 Ne7 40. Rf3 Qe8
41. Qxa6 Ng8 42. Bc1 Re2 43. Qxd6 Qe4+ 44. Qd3 Qxd3+ 45. Rdxd3 Rxh2 46. Rd7 Kg7
47. Rg3+ Kf8 48. Ra7 Nh6 49. Ra8+ Ke7 50. Re3+ Kd7 51. Ra7+ Kc6 52. Ra6+ 1-0

[Event "Xtracon Chess Open 2016"]
[Site "Helsingor DEN"]
[Date "2016.07.24"]
[Round "2.8"]
[White "Klings, Peter"]
[Black "Naroditsky, Daniel"]
[Result "0-1"]
[BlackTitle "GM"]
[WhiteElo "2133"]
[BlackElo "2634"]
[WhiteFideId "4631234"]
[BlackFideId "2026961"]
[EventDate "2016.07.23"]

1. Nf3 d5 2. c4 d4 3. g3 Nc6 4. Bg2 e5 5. d3 Nf6 6. O-O Bg4 7. h3 Bf5 8. g4 Bg6
9. Nh4 Nd7 10. Nxg6 hxg6 11. Nd2 Nc5 12. Nf3 a5 13. Re1 Be7 14. Rb1 f5 15. a3 a4
16. Qc2 fxg4 17. hxg4 Qd7 18. e3 e4 19. dxe4 d3 20. Qd1 Qxg4 21. Nd4 Qh4 22.
Nxc6 Nxe4 23. Qf3 Rf8 24. Qxe4 Qxf2+ 25. Kh2 Rh8+ 0-1

[Event "Xtracon Chess Open 2016"]
[Site "Helsingor DEN"]
[Date "2016.07.24"]
[Round "2.9"]
[White "Maze, Sebastien"]
[Black "Heinis, Vincent"]
[Result "1-0"]
[WhiteTitle "GM"]
[WhiteElo "2628"]
[BlackElo "2131"]
[WhiteFideId "613762"]
[BlackFideId "607851"]
[EventDate "2016.07.23"]

1. e4 c6 2. d4 d5 3. e5 Bf5 4. Nf3 e6 5. Be2 Nd7 6. O-O h6 7. Nbd2 Ne7 8. Nb3 g5
9. Bd2 Bg7 10. Ne1 Qc7 11. Rc1 O-O 12. Bb4 Rfe8 13. Nd3 b6 14. Bd6 Qb7 15. f4 c5
16. dxc5 Ng6 17. c6 Qxc6 18. Nb4 Qa4 19. Nd4 Nc5 20. a3 a6 21. fxg5 Be4 22. Qd2
hxg5 23. Qxg5 Qd7 24. h4 Nb7 25. Rcd1 Nxd6 26. exd6 Qxd6 27. h5 Qe7 28. Qxe7
Nxe7 29. Bxa6 Red8 30. c3 e5 31. Nf3 f6 32. Nh4 d4 33. cxd4 Rxd4 34. Rxd4 exd4
35. Re1 f5 36. Bc4+ Kf8 37. Bd3 Bxd3 38. Nxd3 Bh6 39. Rxe7 Be3+ 40. Rxe3 dxe3
41. Kf1 1-0

[Event "Xtracon Chess Open 2016"]
[Site "Helsingor DEN"]
[Date "2016.07.24"]
[Round "2.11"]
[White "Agdestein, Simen"]
[Black "Schultz-Pedersen, Jesper"]
[Result "1-0"]
[WhiteTitle "GM"]
[WhiteElo "2603"]
[BlackElo "2121"]
[WhiteFideId "1500015"]
[BlackFideId "1404482"]
[EventDate "2016.07.23"]

1. e4 Nc6 2. Nf3 Nf6 3. e5 Ng4 4. d4 d6 5. h3 Nh6 6. Nc3 g6 7. exd6 cxd6 8. d5
Ne5 9. Nxe5 dxe5 10. Bb5+ Bd7 11. Qe2 Bg7 12. Bxh6 Bxh6 13. Qxe5 O-O 14. Bxd7
Qxd7 15. Rd1 Bg7 16. Qe3 Rac8 17. O-O b5 18. Rd2 Rfd8 19. Re1 b4 20. Nd1 e6 21.
Qb3 a5 22. Ne3 Qb5 23. c4 Qc5 24. Red1 e5 25. d6 Rc6 26. Rd5 Qb6 27. d7 Rc5 28.
Qa4 Bh6 29. Rxc5 Qxc5 30. Rd5 Qc7 31. c5 Bxe3 32. fxe3 e4 33. Qd1 f5 34. Qd4 Kf7
35. Rd6 1-0

[Event "Xtracon Chess Open 2016"]
[Site "Helsingor DEN"]
[Date "2016.07.24"]
[Round "2.12"]
[White "Molvig, Henrik"]
[Black "Vorobiov, Evgeny E."]
[Result "0-1"]
[WhiteTitle "CM"]
[BlackTitle "GM"]
[WhiteElo "2110"]
[BlackElo "2584"]
[WhiteFideId "1402625"]
[BlackFideId "4121341"]
[EventDate "2016.07.23"]

1. d4 d6 2. Nf3 Nf6 3. c4 g6 4. Nc3 Bg7 5. e4 O-O 6. Be2 Nbd7 7. O-O e5 8. Qc2
Qe7 9. d5 c5 10. dxc6 bxc6 11. b4 Bb7 12. Rd1 a5 13. bxa5 Nc5 14. Be3 Rxa5 15.
Nd2 Ne6 16. Nb3 Ra3 17. Qd2 Rfa8 18. Rab1 Bf8 19. Rb2 c5 20. f3 Nd4 21. Bg5 Bg7
22. Rdb1 Nxe2+ 23. Qxe2 Bc6 24. Qd2 Qc7 25. Rd1 Ne8 26. Nc1 Bf8 27. Nb5 Bxb5 28.
Rxb5 Qc6 29. Qb2 Nc7 30. Rb8 Ne6 31. Be7 Rxb8 32. Qxb8 Ra8 33. Qxd6 Qxd6 0-1

[Event "Xtracon Chess Open 2016"]
[Site "Helsingor DEN"]
[Date "2016.07.24"]
[Round "2.13"]
[White "Degraeve, Jean-Marc"]
[Black "Laustsen, Lars"]
[Result "1-0"]
[WhiteTitle "GM"]
[WhiteElo "2579"]
[BlackElo "2118"]
[WhiteFideId "600270"]
[BlackFideId "1407554"]
[EventDate "2016.07.23"]

1. e4 c5 2. Nf3 d6 3. Bb5+ Bd7 4. Bxd7+ Qxd7 5. O-O Nf6 6. e5 dxe5 7. Nxe5 Qc8
8. Qf3 e6 9. Nc3 Be7 10. d3 O-O 11. Bf4 Nfd7 12. Rae1 Nxe5 13. Rxe5 Bd6 14. Rh5
Bxf4 15. Qxf4 f5 16. Qc4 Na6 17. Re1 b6 18. Rxe6 1-0

[Event "Xtracon Chess Open 2016"]
[Site "Helsingor DEN"]
[Date "2016.07.24"]
[Round "2.14"]
[White "Holm, Ragnar"]
[Black "Marin, Mihail"]
[Result "0-1"]
[BlackTitle "GM"]
[WhiteElo "2104"]
[BlackElo "2576"]
[WhiteFideId "1505858"]
[BlackFideId "1200020"]
[EventDate "2016.07.23"]

1. d4 Nf6 2. c4 g6 3. Nc3 Bg7 4. e4 d6 5. Nf3 O-O 6. Be2 Na6 7. O-O e5 8. dxe5
dxe5 9. Qxd8 Rxd8 10. Bg5 Re8 11. Rfe1 c6 12. Bf1 Nc5 13. Rad1 Bg4 14. h3 Bxf3
15. gxf3 Nh5 16. Be3 Bf8 17. Re2 a5 18. Red2 Nf4 19. Ne2 Nfe6 20. h4 Be7 21. h5
Bg5 22. hxg6 fxg6 23. Bh3 Bxe3 24. Bxe6+ Rxe6 25. Rd8+ Rxd8 26. Rxd8+ Kf7 27.
fxe3 Re8 28. Rd1 Ke7 29. Kg2 Rd8 30. Rxd8 Kxd8 31. Kg3 Ke7 32. Nc3 Kf6 33. f4 g5
34. Kg4 gxf4 35. exf4 Nd3 36. fxe5+ Kxe5 0-1

[Event "Xtracon Chess Open 2016"]
[Site "Helsingor DEN"]
[Date "2016.07.24"]
[Round "2.15"]
[White "Brunello, Sabino"]
[Black "Mardell, Jimmy"]
[Result "1-0"]
[WhiteTitle "GM"]
[WhiteElo "2567"]
[BlackElo "2112"]
[WhiteFideId "813613"]
[BlackFideId "1705610"]
[EventDate "2016.07.23"]

1. b3 e5 2. Bb2 Nc6 3. e3 Nf6 4. Bb5 d6 5. d4 exd4 6. Qxd4 Bd7 7. Qf4 Be7 8. Nc3
Ne5 9. Bxd7+ Qxd7 10. h3 Qc6 11. O-O-O Qxg2 12. Nge2 Qf3 13. Qh2 O-O-O 14. Rhg1
Ne4 15. Nxe4 Qxe4 16. Rxg7 Rhg8 17. Nc3 Qf3 18. Rxg8 Rxg8 19. Nd5 Bd8 20. Bxe5
dxe5 21. Qxe5 Qxf2 22. Qd4 b6 23. Qe4 Qg2 24. Qf5+ Kb7 25. Qxh7 Qg6 26. Qxg6
fxg6 27. Rg1 Rh8 28. Rxg6 Rxh3 29. Kd2 Rh7 30. Ke2 a5 31. a4 c6 32. Nf4 Be7 33.
Ne6 b5 34. Rg7 Rxg7 35. Nxg7 Kc7 36. Kd3 Bb4 37. Ne6+ Kd7 38. Nd4 bxa4 39. bxa4
Kc7 40. Nb3 Kb6 41. e4 Be7 42. e5 Bh4 43. Ke4 Be7 44. Kf5 Bb4 45. Kg6 Kc7 46.
Kf7 Kd8 47. e6 1-0

[Event "Xtracon Chess Open 2016"]
[Site "Helsingor DEN"]
[Date "2016.07.24"]
[Round "2.17"]
[White "Gretarsson, Hjorvar Steinn"]
[Black "Nielsen, Jan Mose"]
[Result "1-0"]
[WhiteTitle "GM"]
[WhiteElo "2550"]
[BlackElo "2110"]
[WhiteFideId "2302241"]
[BlackFideId "1405306"]
[EventDate "2016.07.23"]

1. c4 Nf6 2. Nc3 c5 3. g3 Nc6 4. Bg2 e6 5. Nf3 Be7 6. O-O O-O 7. d4 cxd4 8. Nxd4
e5 9. Nc2 d6 10. b3 Be6 11. Ba3 Qd7 12. Nd5 Rfd8 13. Qd2 Ne8 14. e4 Bf8 15. f4
f5 16. exf5 Bxf5 17. Nce3 Be6 18. fxe5 Nxe5 19. Rae1 Nf7 20. Nf4 1-0

[Event "Xtracon Chess Open 2016"]
[Site "Helsingor DEN"]
[Date "2016.07.24"]
[Round "2.18"]
[White "Machlik, Edit"]
[Black "Burmakin, Vladimir"]
[Result "0-1"]
[BlackTitle "GM"]
[WhiteElo "2090"]
[BlackElo "2549"]
[WhiteFideId "1513591"]
[BlackFideId "4105109"]
[EventDate "2016.07.23"]

1. d4 d5 2. c4 e6 3. Nc3 Be7 4. cxd5 exd5 5. Bf4 c6 6. e3 Bd6 7. Bg3 Bf5 8. Nge2
Nf6 9. Bxd6 Qxd6 10. Ng3 Bg6 11. h4 h5 12. a3 Nbd7 13. Nce2 Ne4 14. Nxe4 Bxe4
15. Ng3 Bg6 16. Be2 Nf6 17. Bd3 Bxd3 18. Qxd3 g6 19. O-O-O O-O-O 20. Kb1 Ng4 21.
Qd2 Rhe8 22. Nf1 Re6 23. Re1 Rde8 24. g3 Rf6 25. Re2 Qe6 26. Ka1 Qe4 27. Rg1 Qf5
28. Rg2 Qf3 29. Rg1 Kb8 30. Qe1 Qf5 31. Nd2 Qd3 32. Nb1 Rf3 33. Nd2 Rf5 34. Nb1
Nh2 35. Qd1 Qxd1 36. Rxd1 Ng4 37. Rdd2 Rf3 38. Nc3 f6 39. e4 dxe4 40. Nxe4 b6
41. Rc2 Re6 42. Rcd2 Kc7 43. d5 cxd5 44. Rxd5 f5 45. Rc2+ Rc6 46. Nc3 a6 47. Re2
Rd6 48. Re7+ Kc6 49. Rxd6+ Kxd6 50. Rb7 Kc6 51. Re7 Nxf2 52. Re6+ Kc5 53. Rxg6
Ne4 54. Ne2 Re3 55. Nf4 Rxg3 56. Re6 Rg1+ 57. Ka2 Ng3 58. b4+ Kb5 0-1

[Event "Xtracon Chess Open 2016"]
[Site "Helsingor DEN"]
[Date "2016.07.24"]
[Round "2.19"]
[White "Svane, Rasmus"]
[Black "Kunz, Andre"]
[Result "1-0"]
[WhiteTitle "IM"]
[WhiteElo "2549"]
[BlackElo "2105"]
[WhiteFideId "4657101"]
[BlackFideId "24623652"]
[EventDate "2016.07.23"]

1. d4 d5 2. c4 dxc4 3. Nf3 Nf6 4. e3 Bg4 5. Bxc4 e6 6. Nc3 Nc6 7. Bb5 Bd6 8. e4
Nd7 9. Be3 O-O 10. Be2 Nb6 11. O-O Qd7 12. Qc2 Bxf3 13. Bxf3 Nc4 14. e5 Be7 15.
Qa4 Nb6 16. Bxc6 bxc6 17. Qc2 f5 18. exf6 Bxf6 19. Ne4 Nd5 20. Rac1 Rab8 21. b3
Nb4 22. Qd2 Rfd8 23. Nxf6+ gxf6 24. Rc4 Nd5 25. Rfc1 Rb6 26. Ra4 a6 27. Qe2 Ra8
28. Bd2 Kh8 29. Re1 Re8 30. Rxa6 e5 31. dxe5 Rxe5 32. Ra8+ Kg7 33. Qf3 Rxe1+ 34.
Bxe1 Ne7 35. Qg3+ Ng6 36. Ra7 Qd1 37. Qxc7+ Kh6 38. Qxh7+ Kg5 39. h4+ Kf5 40.
Qd7+ Qxd7 41. Rxd7 Nxh4 42. Bc3 Ke6 43. Rd4 Ng6 44. Re4+ Kf5 45. f3 Ra6 46. a4
Ne5 47. g4+ 1-0

[Event "Xtracon Chess Open 2016"]
[Site "Helsingor DEN"]
[Date "2016.07.24"]
[Round "2.20"]
[White "Kistrup, Nicolai"]
[Black "Andersen, Mads"]
[Result "0-1"]
[BlackTitle "GM"]
[WhiteElo "2089"]
[BlackElo "2525"]
[WhiteFideId "1444816"]
[BlackFideId "1413864"]
[EventDate "2016.07.23"]

1. d4 Nf6 2. Nf3 e6 3. c4 b6 4. g3 c6 5. Bg2 Be7 6. O-O d5 7. Nc3 O-O 8. Ne5 Bb7
9. e4 dxc4 10. Nxc4 Ba6 11. b3 b5 12. Ne5 b4 13. Ne2 Bxe2 14. Qxe2 Qxd4 15. Bb2
Qb6 16. Rac1 a5 17. Rfd1 Ra7 18. Qc2 Rc7 19. Nc4 Qa6 20. Bf1 c5 21. Be5 Rd7 22.
Bd3 Qa7 23. Bxf6 gxf6 24. e5 f5 25. Bxf5 exf5 26. Qxf5 Rd4 27. Rxd4 cxd4 28. e6
fxe6 29. Qxe6+ Kh8 30. Ne5 Qb7 31. Re1 Bf6 32. Ng4 Bg7 33. Rf1 Qd7 34. Qe4 Qc6
35. Qe1 Re8 36. Qd2 h5 37. Qd1 Qg6 38. h3 hxg4 39. hxg4 Nc6 40. Kg2 Qe4+ 41. Kh2
Ne5 42. Rh1 Nxg4+ 43. Kg1+ Qxh1+ 0-1